Statistiques concernant Pays les plus Chers du Monde

Cliquez ici pour prendre le quiz!

Statistiques générales

  • Ce quiz a été pris 119 fois
  • Le résultat moyen est 21 sur 30

Statistiques - réponses

Indice de prix (avec un indice de 100 pour New York)Pays% Correct
74,14France
98%
122,4Suisse
93%
67,62Canada
92%
71,05États-Unis
92%
83,35Japon
91%
67,28Royaume-Uni
91%
65,26Allemagne
88%
73,54Australie
86%
67,26Italie
84%
101,43Norvège
83%
69,85Suède
81%
70,29Finlande
80%
71,78Belgique
79%
78,18Corée du Sud
77%
83Danemark
77%
73,75Pays-Bas
76%
81,89Luxembourg
72%
70,38Autriche
70%
72,53Nouvelle-Zélande
70%
75,91Irlande
69%
100,48Islande
69%
81,1Singapour
69%
64,04Qatar
68%
61,98Émirats Arabes Unis
65%
61,37Taïwan
49%
67,46Malte
42%
81,15Israël
40%
82,51Bahamas
32%
71,59Seychelles
18%
76,02Barbade
16%

Distribution des résultats

Percentile par nombre de réponses

% des personnes avec chaque résultat

Votre développement - résultats

Vous n’avez pas pris ce quiz